| 000 | 01152nam a22002177a 4500 | ||
|---|---|---|---|
| 999 |
_c19686 _d19686 |
||
| 003 | AR-CdUCM | ||
| 008 | 190520b ||||| |||| 00| 0 spa d | ||
| 040 |
_aMUNICIPALIDAD PROVINCIAL DEL CUSCO _cBIBLIOTECA MUNICIPAL DEL CUSCO |
||
| 082 |
_22ed _a331.8809 / _bB237 |
||
| 100 |
_aBarrenechea, Mauro _941177 |
||
| 245 | _aFormación sindical / | ||
| 260 |
_aMéxico, D.F : _bBuena Prensa, _c1964. |
||
| 300 |
_a422 páginas ; _c23 cm. |
||
| 500 | _aMétodos y programas, descripción y análisis comparado de cincuenta y cuatro programas de formación sindical desarrollados por organizaciones católicas, sindicatos neutros y universidades aconfesionales en Estados Unidos de América, con información suplementaria sobre sesenta y cuatro programas de Inglaterra, Francia, Alemania, Suecia, Italia y varios países latinoamericanos. | ||
| 505 | _aContenido: Prerrequisitos para la formación social -- Formación sindical -- Instituciones católicas -- El instituto de Hartford... | ||
| 650 |
_aSindicalismo _95257 |
||
| 650 |
_aEstados Unidos _91805 |
||
| 650 |
_aTrabajo y trabajadores _99211 |
||
| 942 |
_2ddc _cLIBROS |
||
| 945 |
_adavv _d2019-05-20 |
||